Statistiques concernant Nourriture par image

Cliquez ici pour prendre le quiz!

Statistiques générales

  • Ce quiz a été pris 1 867 fois
  • Le résultat moyen est 15 sur 20

Statistiques - réponses

Réponse% Correct
croissant
99%
kiwi
99%
huître
97%
baguette
95%
crêpe
93%
mozzarella
89%
cannelle
87%
döner kebab
85%
œufs de poisson
85%
choux de Bruxelles
84%
camembert
77%
quiche
72%
tarte {Tatin}
71%
roquefort
70%
crème brûlée
67%
tiramisu
60%
pain aux raisins
48%
samoussa
41%
flan au caramel / crème caramel
30%
coq au vin
7%

Distribution des résultats

Percentile par nombre de réponses

% des personnes avec chaque résultat

Votre développement - résultats

Vous n’avez pas pris ce quiz